000 00853nam a2200241 a 4500
001 000017938
005 20260415174539.0
008 100407s1993 dr ac r 001 0 spa d
040 _aDO-SdBNP
_bspa
_cBNPHU
082 _a301
_bG633e
100 1 _aGómez Fermín, Luis B.,
_d1943-
_938903
245 1 3 _aLa evolución del pensamiento social /
_cLuis B. Gómez Fermín.
260 _aSanto Domingo :
_bTaller,
_c1993.
300 _a266 p. :
_bil., retr. ;
_c23 cm.
504 _aIncluye bibliografía y notas al pie de páginas.
504 _aBibliografía : p.262-264.
590 _aInventariado, 2018/VM
650 4 _aSociología
_xEnsayos, conferencias, etc.
_924199
650 0 _aCiencias sociales
_91065
650 0 _a
_912155
650 4 _aSocialismo y sociedad
_xEnsayos , conferencias, etc.
_912388
910 _aValidado. Control de calidad EMS
999 _c17462
_d17462